Guinness Premiership All-Time Scorers Quiz Stats

Quiz not verified by Sporcle

Challenge
Share
Tweet
Embed
Score 0/20 Timer 08:00
0 Plays Today
Clubs Player % Correct
Newcastle FalconsJonny Wilkinson
98.4%
Sale SharksCharlie Hodgson
82.8%
Leicester Tigers (x2), SaracensAndy Goode
73.4%
Bath (x2), GloucesterOlly Barkley
53.1%
Northampton SaintsPaul Grayson
46.9%
Newcastle Falcons, London WaspsDave Walder
40.6%
London WaspsMark van Gisbergen
37.5%
SaracensGlen Jackson
35.9%
London WaspsAlex King
35.9%
London Irish, Bristol, Harlequins, Leicester TigersPaul Burke
17.2%
Clubs Player % Correct
Leicester Tigers, Leeds CarnegieTim Stimpson
14.1%
Gloucester (x2)Ludovic Mercier
14.1%
Bath, Bristol, Harlequins, London IrishChris Malone
14.1%
London Irish, Northampton SaintsBarry Everitt
12.5%
Bristol, Northampton Saints, Worcester WarriorsShane Drahm
9.4%
London WaspsKenny Logan
9.4%
Harlequins, SaracensThierry Lacroix
7.8%
Gloucester, Saracens, London Irish, HarlequinsMark Mapletoft
6.3%
London Wasps, HarlequinsGareth Rees
6.3%
Sale Sharks, GloucesterSimon Mannix
3.1%

You're not logged in!

Compare scores with friends on all Sporcle quizzes.
Sign Up with Email
OR
Log In

You Might Also Like...

Show Comments

Extras

Top Quizzes Today


Score Distribution

Your Account Isn't Verified!

In order to create a playlist on Sporcle, you need to verify the email address you used during registration. Go to your Sporcle Settings to finish the process.